01680nam a2200337 i 4500003000900000005001700009008004100026017001400067020001500081040004600096041000800142082003100150092000700181099004000188100005900228245009300287264006500380300008300445336002200528337002400550338003300574504010800607546009600715650007600811856005700887905000700944942001900951999001700970952017800987952017701165EG-GICUC20260121101542.0251228s2001 ua ||||fr|||| 00| 0 ara d a200118335 a9770436593 a EG-GICUCbarac EG-GICUCd EG-GICUCerda0 aara04221a345.250492bع ب . ح04221 aLaw1 07 345.250492 ع ب . ح 20010 aعبد الرءوف هاشم بسيونيeمؤلف.12aالحكم المحلي في هولندا /cعبد الرءوف هاشم بسيوني . 1aالقاهرة :bدار النهضة العربية,c2001. a119 صفحة ؛ c24 سم.bإيضاحيات، صور، مثيليات ؛  2rda contentatext 2rda mediaaComputer 2rda carrieraOnline Resource aيحتوي على ارجاعات ببليوجرافية يحتوي على قائمة بالمراجع aالنص أغلبه باللغة العربية مع بعض النصوص الفرنسية14aالحكم المحليxالقانون الإداري zهولندا40uhttps://fll.law.cu.edu.eg/fulltext/bks/B07-00882.pdf a75 2ddccBKe21n0 c52778d52778 00102ddc40718القانون الإداريaCUbLAW1d2025-12-28l0oLaw1 07 345.250492 ع ب . ح 2001 0700882 C1pB07-00882r2025-12-28 10:44:24t1w2025-12-28yBK 00102ddc40708القانون الإداريaCUbLAW1d2025-12-28l0oLaw1 07 345.250492 ع ب . ح 2001 0700883 C2pB07-00883r2025-12-28 10:44:49t2w2025-12-28yBK